[Event "Titled Tuesday intern op 10th May Late"]
[Site "Chess.com INT"]
[Date "2022.05.10"]
[Round "10"]
[White "Butti, Enrique"]
[Black "Gomez Dieguez, David"]
[Result "1-0"]
[WhiteElo "2065"]
[BlackElo "2359"]
[PlyCount "61"]
[EventDate "2022.05.10"]
[EventType "swiss (blitz)"]
[EventRounds "11"]
[EventCountry "USA"]
[SourceTitle "CBM 208 Extra"]
[Source "ChessBase"]
[SourceDate "2022.07.31"]
[SourceVersion "1"]
[SourceVersionDate "2022.07.31"]
[SourceQuality "1"]

1. d4 Nf6 2. Nf3 d5 3. c4 e6 4. e3 Be7 5. Nc3 0-0 6. b3 c5 7. Bb2 cxd4 8. exd4 b6 9. Bd3 Bb7 10. 0-0 Nc6 11. Qe2 Nb4 12. Bb1 dxc4 13. bxc4 Bxf3 14. gxf3 Bd6 15. a3 Nh5 16. Qe4 Nf6 17. Qh4 Nc6 18. d5 Na5 19. Nb5 e5 20. Re1 Nxc4 21. Qxc4 Rc8 22. Qh4 Be7 23. Bxe5 h6 24. d6 Bxd6 25. Nxd6 Rc5 26. Nf5 Rxe5 27. Rxe5 Qd1+ 28. Kg2 Nh7 29. Nxh6+ Kh8 30. Nxf7+ Rxf7 31. Qxh7# 1-0

[Event "Titled Tuesday intern op 03rd May Late"]
[Site "Chess.com INT"]
[Date "2022.05.03"]
[Round "1"]
[White "Gomez Dieguez, David"]
[Black "Al Tarbosh, Ward"]
[Result "1/2-1/2"]
[WhiteElo "2310"]
[BlackElo "2200"]
[PlyCount "128"]
[EventDate "2022.05.03"]
[EventType "swiss (blitz)"]
[EventRounds "11"]
[EventCountry "USA"]
[SourceTitle "CBM 208 Extra"]
[Source "ChessBase"]
[SourceDate "2022.07.31"]
[SourceVersion "1"]
[SourceVersionDate "2022.07.31"]
[SourceQuality "1"]

1. c4 b6 2. Nf3 Bb7 3. Nc3 Nf6 4. d4 e6 5. a3 Be7 6. d5 0-0 7. e4 d6 8. Bd3 Nbd7 9. 0-0 Ne5 10. Nd4 c5 11. dxc6 Nxc6 12. Nxc6 Bxc6 13. Bf4 Nd7 14. Bc2 Ne5 15. b3 Ng6 16. Bg3 Qd7 17. Qe2 Rad8 18. Rad1 Qc7 19. Nb5 Bxb5 20. cxb5 Bf6 21. Bd3 Rfe8 22. Rc1 Qe7 23. Rc6 Ne5 24. Bxe5 Bxe5 25. a4 d5 26. exd5 exd5 27. Qc2 g6 28. g3 Bd4 29. Kg2 Qe5 30. Rc7 Re7 31. Rxe7 Qxe7 32. Rc1 Qf6 33. Qe2 Kg7 34. Rc6 Qe5 35. Qf3 Rd7 36. h4 h5 37. Qe2 Qxe2 38. Bxe2 Bf6 39. Kf3 d4 40. Bd3 Be5 41. Ke4 f6 42. Bc4 Re7 43. Re6 Rd7 44. Rc6 Bd6 45. Be6 Rd8 46. Kd3 Bc5 47. Bc4 Bd6 48. Be6 Bb8 49. Rc8 Rxc8 50. Bxc8 Be5 51. f4 Bd6 52. Kxd4 f5 53. Kd3 Bc5 54. Ke2 Kf6 55. Bd7 Ke7 56. Bc6 Ke6 57. Be8 Kf6 58. Kf3 Bb4 59. Bc6 Be1 60. Bd5 Ke7 61. Bc4 Kf8 62. Bd5 Ke7 63. Bc4 Kf6 64. Bd5 Ke7 1/2-1/2